Welcome to Marium Abdulla Library

Embrace knowledge with a breath of fresh air.

Browse Collection

Marium Abdulla Library

New Optical Illusions (Record no. 9724)

MARC details
000 -LEADER
fixed length control field 00440nam a2200205Ia 4500
001 - CONTROL NUMBER
control field 12183
003 - CONTROL NUMBER IDENTIFIER
control field OSt
005 - DATE AND TIME OF LATEST TRANSACTION
control field 20251205123939.0
008 - FIXED-LENGTH DATA ELEMENTS--GENERAL INFORMATION
fixed length control field 211022s9999 xx 000 0 und d
020 ## - INTERNATIONAL STANDARD BOOK NUMBER
International Standard Book Number 1844423271
040 ## - CATALOGING SOURCE
Transcribing agency IVS
082 ## - DEWEY DECIMAL CLASSIFICATION NUMBER
Classification number 152.148 SAR
100 ## - MAIN ENTRY--PERSONAL NAME
Personal name Sarcone, Gianni
245 #0 - TITLE STATEMENT
Title New Optical Illusions
260 ## - PUBLICATION, DISTRIBUTION, ETC.
Place of publication, distribution, etc. London
260 ## - PUBLICATION, DISTRIBUTION, ETC.
Name of publisher, distributor, etc. Carlton Book
260 ## - PUBLICATION, DISTRIBUTION, ETC.
Date of publication, distribution, etc. 2005
300 ## - PHYSICAL DESCRIPTION
Extent 160 pages
942 ## - ADDED ENTRY ELEMENTS (KOHA)
Koha item type Book
Source of classification or shelving scheme Dewey Decimal Classification
Suppress in OPAC No
Holdings
Date last seen Total checkouts Full call number Barcode Price effective from Koha item type Lost status Damaged status Not for loan Collection Withdrawn status Home library Current library Shelving location Date acquired Source of acquisition Cost, normal purchase price
10/26/2021   152.148 SAR 8551 10/26/2021 Book       Liberal Arts   Marium Abdulla Library Marium Abdulla Library Non-Ref 11/23/2007 Fahim Book Center 10989.00
10/26/2021   152.148 SAR 12183 10/26/2021 Book       Liberal Arts   Marium Abdulla Library Marium Abdulla Library Non-Ref 10/22/2014 Fahim Book Center 2500.00